Detalles MARC
| 000 -ENCABEZADO |
| Número de control [NR] |
01516nam a2200325Ia 4500 |
| 005 - FECHA Y HORA DE LA ÚLTIMA TRANSACCIÓN |
| control field |
20140410171921.0 |
| 008 - DE LONGITUD FIJA DE DATOS DE ELEMENTOS - INFORMACIÓN GENERAL |
| Elementos de longitud fija [NR] |
130821s1992 xx a gs spa |
| 040 ## - FUENTE DE CATALOGACION [NR] |
| Agencia de catalogación original [NR] |
Co-BoUCM |
| Idioma de catalogación [NR] |
spa |
| 041 00 - CODIGO DE IDIOMA [R] |
| Código de idioma para texto/pista de sonido o título separado [R] |
Español |
| 092 ## - SIGNATURA TOPOGRAFICA LOCAL |
| Número de clasificación local |
DVD 0198 |
| 245 13 - MENCION DE TITULO [NR] |
| Título [NR] |
El guardaespaldas |
| Mención de responsabilidad, etc. [NR] |
[DVD] |
| 260 ## - PUBLICACION, DISTRIBUCION, ETC. (PIE DE IMPRENTA) [R] |
| Lugar de publicación, distribución, etc. [R] |
[Lugar desconocido] |
| Nombre del editor, distribuidor, etc. [R] |
Warner Bros Pictures |
| Fecha de publicación, distribución, etc. [R] |
1992 |
| 300 ## - DESCRIPCION FISICA [R] |
| Extensión [R] |
1 DVD |
| Otros detalles físicos [NR] |
son., color |
| 500 ## - NOTA GENERAL [R] |
| Nota general [NR] |
SINOPSIS : Un guardaespaldas es contratado por una cantante famosa, para protegerla de las insistentes cartas anónimas con amenazas de muerte. Este empleará todos los recursos y medios materiales para protegerla en desacuerdo con la cantante. |
| 508 ## - NOTA DE CREDITOS DE CREACION/PRODUCCION [R] |
| Nota de créditos de creación/producción [NR] |
CREDITOS : Director, Mick Jackson; Guionista, Lawrence Kasdan; Montador, Andrew Dunn; Música, Alan Silvestri, David Foster, Jud Friedman. |
| 511 ## - NOTA DE PARTICIPANTE O INTERPRETE [R] |
| Nota de participante o intérprete [NR] |
Kevin Costner, Whitney Houston, Gary Kemp, Bill Cobbs, Richard Schiff, Ralph Waite. |
| 546 ## - NOTA DE IDIOMA [R] |
| Nota de idioma [NR] |
Audio en Inglés y Portugués. Subtítulos en Español, Inglés y Portugués. |
| 650 04 - ASIENTO SECUNDARIO DE MATERIA - TERMINO TEMATICO [R] |
| Término temático o nombre geográfico como elemento de entrada [NR] |
Amor en el cine |
| Subdivisión de forma [R] |
DVD |
| 9 (RLIN) |
8920 |
| 650 04 - ASIENTO SECUNDARIO DE MATERIA - TERMINO TEMATICO [R] |
| Término temático o nombre geográfico como elemento de entrada [NR] |
Cantantes en el cine |
| Subdivisión de forma [R] |
DVD |
| 9 (RLIN) |
10422 |
| 650 04 - ASIENTO SECUNDARIO DE MATERIA - TERMINO TEMATICO [R] |
| Término temático o nombre geográfico como elemento de entrada [NR] |
Entretenimiento |
| 9 (RLIN) |
26487 |
| 650 04 - ASIENTO SECUNDARIO DE MATERIA - TERMINO TEMATICO [R] |
| Término temático o nombre geográfico como elemento de entrada [NR] |
Guardaespaldas en el cine |
| Subdivisión de forma [R] |
DVD |
| 9 (RLIN) |
16571 |
| 650 04 - ASIENTO SECUNDARIO DE MATERIA - TERMINO TEMATICO [R] |
| Término temático o nombre geográfico como elemento de entrada [NR] |
Películas cinematográficas |
| Subdivisión geográfica [R] |
Estados Unidos |
| Subdivisión de forma [R] |
DVD |
| 9 (RLIN) |
7903 |
| 700 ## - ASIENTO SECUNDARIO - NOMBRE PERSONAL [R] |
| Nombre personal [NR] |
Jackson, Mike |
| Término de relación [R] |
|
| 710 ## - ASIENTO SECUNDARIO - NOMBRE CORPORATIVO [R] |
| Nombre corporativo o de jurisdicción como elemento de entrada [NR] |
Kasdan Pictures |
| 710 ## - ASIENTO SECUNDARIO - NOMBRE CORPORATIVO [R] |
| Nombre corporativo o de jurisdicción como elemento de entrada [NR] |
TIG |
| 710 ## - ASIENTO SECUNDARIO - NOMBRE CORPORATIVO [R] |
| Nombre corporativo o de jurisdicción como elemento de entrada [NR] |
Warner Bros. Pictures |
| 765 #4 - ASIENTO DE IDIOMA ORIGINAL [R] |
| Asiento principal [NR] |
The bodyguard |
| 856 04 - LOCALIZACION Y ACCESO ELECTRONICOS [R] |
| Identificador Uniforme del Recurso (“URI”) [R] |
<a href="http://www.youtube.com/watch?v=cudobUpKnFQ">http://www.youtube.com/watch?v=cudobUpKnFQ</a> |
| Nota dirigida al público [R] |
Siga este vínculo para ver el trailer. |
| 942 ## - ELEMENTOS DE ENTRADA AGREGADOS (KOHA) |
| Tipo de ítem principal el descrito en 300a |
Multimedia |
| Sistema de clasificación |
LOCAL |
| Tema principal |
Entretenimiento |
| Edición |
1 |